| 000 | 00451nam a22000977a 4500 | ||
|---|---|---|---|
| 999 |
_c23823 _d23823 |
||
| 003 | NUST | ||
| 005 | 20170607133105.0 | ||
| 008 | 140204b xxu||||| |||| 00| 0 eng d | ||
| 040 |
_aDLC _bDLC _cRCMS |
||
| 082 |
_a620.0045 DEF _b002519 |
||
| 100 |
_aDepartment of Defense USA _92169 |
||
| 245 |
_aDepartment of Defense Handbook Reliability Growth Management _cDepartment of Defense USA |
||
| 260 |
_aUSA _bDepartment of Defense USA _cc.1981 |
||
| 300 |
_a141,p: _bill: _c30,cm. |
||
| 538 | _iShelf No 1 Row No 3 | ||
| 650 |
_aEngineering Standard _92167 |
||
| 856 | _3Table of Content | ||
| 942 |
_2ddc _cBK |
||